Type the missing letter - Countries - Statistics

General Stats
  • This quiz has been taken 56 times
  • The average score is 26 of 50
Answer Stats
Country % Correct
U{z}bekistan
100%
Mo{r}occo
90%
Erit{r}ea
88%
Nicara{g}ua
88%
Nig{e}r
88%
Guinea-Bi{s}sau
86%
E{q}uatorial Guinea
83%
Slo{v}akia
83%
Ta{j}ikistan
83%
{Y}emen
82%
Aus{t}ria
80%
Bur{k}ina Faso
80%
I{r}an
80%
T{h}ailand
80%
L{i}bya
78%
{M}onaco
78%
{A}rmenia
75%
Belgiu{m}
75%
{F}inland
75%
Ga{b}on
75%
{I}raq
75%
Israe{l}
75%
Lie{c}htenstein
75%
North {K}orea
75%
R{w}anda
75%
Slove{n}ia
75%
Som{a}lia
75%
United Kingdo{m}
73%
Alge{r}ia
71%
Ire{l}and
71%
N{i}geria
71%
Turk{e}y
71%
Tuval{u}
71%
Cana{d}a
70%
East Ti{m}or
70%
El Sal{v}ador
70%
Es{w}atini
70%
Por{t}ugal
70%
Seych{e}lles
70%
Vati{c}an City
70%
Bots{w}ana
67%
C{z}ech Republic
67%
Dominican R{e}public
67%
E{c}uador
67%
Federated St{a}tes of Micronesia
67%
Ken{y}a
67%
Kiri{b}ati
67%
Lit{h}uania
67%
Rus{s}ia
67%
Saint Lu{c}ia
67%
Fi{j}i
64%
Senega{l}
64%
South A{f}rica
64%
U{k}raine
64%
United {S}tates
64%
An{g}ola
63%
Brune{i}
63%
Nau{r}u
63%
Pa{l}au
63%
S{w}eden
63%
Tur{k}menistan
63%
Azerbai{j}an
60%
Bahra{i}n
60%
Cu{b}a
60%
Et{h}iopia
60%
Gambi{a}
60%
Ne{p}al
60%
S{p}ain
60%
To{g}o
60%
Vie{t}nam
60%
{S}ingapore
58%
Camero{o}n
57%
Comoro{s}
57%
C{y}prus
57%
Democratic Republic o{f} the Congo
57%
N{a}mibia
57%
Ne{w} Zealand
57%
Pa{k}istan
57%
To{n}ga
57%
{C}ambodia
56%
Ca{p}e Verde
56%
Colom{b}ia
56%
Domini{c}a
56%
{G}hana
56%
Ice{l}and
56%
I{v}ory Coast
56%
J{o}rdan
56%
Montene{g}ro
56%
Sa{m}oa
56%
Al{b}ania
55%
Ku{w}ait
55%
Sier{r}a Leone
55%
Su{d}an
55%
Swit{z}erland
55%
Austra{l}ia
50%
Belaru{s}
50%
Bra{z}il
50%
Bulga{r}ia
50%
La{o}s
50%
D{j}ibouti
50%
{E}stonia
50%
Fran{c}e
50%
Geor{g}ia
50%
Grena{d}a
50%
{H}aiti
50%
{J}amaica
50%
Kos{o}vo
50%
Lesot{h}o
50%
Mala{w}i
50%
Marshall Islan{d}s
50%
Ma{u}ritania
50%
Mon{g}olia
50%
Netherla{n}ds
50%
O{m}an
50%
P{o}land
50%
{Q}atar
50%
Saint {K}itts and Nevis
50%
Saudi Ara{b}ia
50%
S{o}lomon Islands
50%
South {K}orea
50%
Sri Lan{k}a
50%
S{y}ria
50%
T{u}nisia
50%
Vene{z}uela
50%
Zimbab{w}e
50%
B{h}utan
46%
German{y}
46%
G{u}atemala
46%
{S}uriname
46%
Antig{u}a and Barbuda
45%
Be{n}in
45%
Denmar{k}
45%
São Tomé and Prínc{i}pe
45%
Philip{p}ines
45%
Zam{b}ia
45%
Leba{n}on
44%
Mal{t}a
44%
Moldo{v}a
44%
Norwa{y}
44%
{P}eru
44%
Roman{i}a
44%
Trini{d}ad and Tobago
44%
Ka{z}akhstan
43%
Pa{n}ama
43%
Saint Vincent and the Gr{e}nadines
43%
Tan{z}ania
43%
Arg{e}ntina
42%
South Su{d}an
42%
Bosnia and Herzego{v}ina
40%
Cos{t}a Rica
40%
Lu{x}embourg
40%
{M}adagascar
40%
Malay{s}ia
40%
United Arab E{m}irates
40%
Boli{v}ia
38%
Bur{u}ndi
38%
{C}hile
38%
Egy{p}t
38%
Indone{s}ia
38%
Kyrg{y}zstan
38%
Parag{u}ay
38%
Ch{i}na
36%
I{t}aly
36%
Beli{z}e
33%
Gr{e}ece
33%
G{u}inea
33%
Gu{y}ana
33%
Ho{n}duras
33%
Hung{a}ry
33%
Libe{r}ia
33%
Maldi{v}es
33%
Papua Ne{w} Guinea
33%
Ser{b}ia
33%
U{g}anda
33%
An{d}orra
30%
{L}atvia
29%
{M}ali
29%
Me{x}ico
29%
San Marin{o}
29%
Urugu{a}y
29%
A{f}ghanistan
27%
Ba{h}amas
25%
Barbad{o}s
25%
In{d}ia
25%
Mozambi{q}ue
25%
Vanua{t}u
25%
Central A{f}rican Republic
22%
Ja{p}an
22%
North Ma{c}edonia
22%
Croa{t}ia
20%
Mauriti{u}s
20%
M{y}anmar
20%
Republic of the Con{g}o
20%
Ta{i}wan
14%
Ba{n}gladesh
11%
Ch{a}d
0%
No matching quizzes found
Score Distribution
Percent of People with Each Score
Percentile by Number Answered
Your Score History
You have not taken this quiz